000 00950cam a2200241 i 4500
003 SA-RiAUC
005 20260112055810.0
008 251126s1988 su g 00000 ara c
040 _aSA-JeALM
_bara
_cSA-RiAUC
_erda
043 _aa-su---
082 0 4 _a378.209531
090 _a378.209531
_bس ع و
110 1 _aالسعودية.
_bوزارة التعليم العالي
_eمؤلف.
245 1 0 _aلجنة معادلة الشهادات الجامعية في عشر سنوات. /
_cوزارة التعليم العالي.
264 1 _aالرياض :
_bوزارة التعليم العالي،
_c1993
300 _aمجلد ؛
_c28 سم
336 _aنص
_btxt
_2rdacontent
_3كتاب
337 _aبدون وسيط
_bn
_2rdamedia
338 _aمجلد
_bnc
_2rdacarrier
650 7 _aالتعليم العالي
_xقوانين وتشريعات
_zالسعودية
_2aucsh
942 _2ddc
_cBOOK
_n0
949 _aSA-JeALM
_d251126
_umohamedma123
_n1
999 _c13870
_d13870